British Actors Quiz - Statistics

General Stats
  • This quiz has been taken 372 times
  • The average score is 31 of 58
Answer Stats
Movies or TV Show Actor % Correct
Dr. No | Goldfinger Sean Connery
86%
Doctor Strange | The Imitation Game Benedict Cumberbatch
85%
Notting Hill | Love Actually Hugh Grant
84%
Silence of the Lambs| The Two Popes Anthony Hopkins
81%
Skyfall | The Golden Compass Daniel Craig
79%
Mr. Bean | Johnny English Rowan Atkinson
79%
There Will Be Blood | Lincoln Daniel Day-Lewis
78%
Harry Potter | Swiss Army Man Daniel Radcliffe
78%
Schindler's List | Taken Liam Neeson
77%
Batman Begins | The Fighter Christian Bale
73%
The King's Speech | A Single Man Colin Firth
73%
The Kid | The Great Dictator Charlie Chaplin
68%
Transpotting | Moulin Rouge! Ewan McGregor
68%
Die Hard | Harry Potter (series) Alan Rickman
66%
Gandhi | House of Sand and Fog Ben Kingsley
66%
Lord of the Rings (series) | Gods and Monsters Ian McKellen
63%
The English Patient | Maid in Manhattan Ralph Fiennes
63%
Twilight | The Lighthouse Robert Pattinson
63%
Zulu | The Cider House Rules Michael Caine
62%
Enemy at the Gates | Sherlock Holmes Jude Law
60%
Pirates of the Caribbean | Kingdom of Heaven Orlando Bloom
60%
The Theory of Everything | Fantastic Beasts and Where to Find Them Eddie Redmayne
59%
Dark Hours | Tinker Tailor Soldier Spy Gary Oldman
59%
Borat | The Dictator Sacha Baron Cohen
59%
Spide-Man: Homecoming | The Impossible Tom Holland
58%
Start Trek (series) | X-Men Patrick Stewart
57%
Lawrence of Arabia | The Lion in Winter Peter O'Toole
57%
House | Stuart Little Hugh Laurie
54%
The Hobbit: An Unexpected Journey | Sherlock (BBC series) Martin Freeman
54%
Mad Max: Fury Road | The Revenant Tom Hardy
54%
Shaun of the Dead | Hot Fuzz Simon Pegg
52%
The Amazing Spider-Man | Hacksaw Ridge Andrew Garfield
51%
Dracula (1958) | Lord of the Rings Christopher Lee
51%
Who's Afraid of Virginia Woolf? | Cleopatra Richard Burton
51%
Licence to Kill | The Living Daylights Timothy Dalton
51%
Wuthering Heights | Hamlet (1948) Laurence Olivier
50%
The Elephant Man | Alien John Hurt
49%
The Transporter | The Meg Jason Statham
48%
The Bridge on the River Kwai | Kind Hearts and Coronets Alec Guinness
47%
300 | Olympus Has Fallen Gerard Butler
47%
Man of Steel | Justice League Henry Cavill
46%
The Dark Tower | The Mountain Between Us Idris Elba
45%
Children of Men | Closer Clive Owen
43%
Thor | Crimson Peak Tom Hiddleston
43%
Wallander | Hamlet (1996) Kenneth Branagh
42%
X-Men: First Class | Atonement James McAvoy
41%
Lolita | Die Hard with a Vengeance Jeremy Irons
41%
Slumdog Millionaire | Lion Dev Patel
39%
Patriot Games | Silent Hill Sean Bean
39%
The Walking Dead | Love Actually Andrew Lincoln
32%
Game of Thrones | Pompeii Kit Harington
27%
Get Out | Black Panther Daniel Kaluuya
26%
Bridge of Spies | The BFG Mark Rylance
24%
Rise of the Planet of the Apes | Lord of the Rings Andy Serkis
23%
Kick-Ass | Avengers: Age of Ultron Aaron Taylor-Johnson
22%
12 Years a Slave | The Boy Who Harnessed the Wind Chiwetel Ejiofor
22%
Sons of Anarchy | King Arthur (2017) Charlie Hunnam
19%
Prison Break | Resident Evil: Afterlife Wentworth Miller
14%
No matching quizzes found
Score Distribution
Percent of People with Each Score
Percentile by Number Answered
Your Score History
You have not taken this quiz